MDQL
is popping MORE tags! Check the
thread
!
Quizzes
Events
Quiz Creation
Community
Videos
Private Events
Remove Ads
Sign In
Join for FREE
Feedback
Dark Mode
Quiz Categories
Sports
Geography
Music
Movies
Television
Just For Fun
Miscellaneous
History
Literature
Language
Science
Gaming
Entertainment
Religion
Holiday
For Kids
Quiz Lab
Recent
Popular Today
Quiz Kudos Today
Editor Picks
Curator Picks
Quizzes by...
Day
Popularity
Type
Ratings
Length
Year
Community
Subscriptions
Recent Discussions
Orange Saloon
Badges
Playlists
Quests
Create
Leaderboards
Showdown
Live 5
Trivia Bingo
Activity
Puzzle Library
Sporcle Events
Private Events
Virtual Trivia
Globe League
Become a Host
Pub Owners
SporcleCon
Opinionation
Our Games
Videos
Blog
Mobile Apps
Partnerships
Remove Ads and Go Orange
Feedback
Gaming
Video Games
Board Games
Card Games
Pokémon
Mario
Nintendo
Minecraft
Console
Toys
Legend of Zelda
Gaming
Video Games
Board Games
Card Games
Pokémon
Mario
Nintendo
Minecraft
Console
Toys
Legend of Zelda
Random Quiz
Search Sporcle
×
Quiz Lab
Quiz Lab
Gaming
Mario
Type in answers that appear in a list
Type in answers that appear in a list
Classic
Best Score? Go Orange.
Super Mario Worlds Stats
Can you name the worlds in Super Mario games?
By
BikdipOnABus
8m
67 Questions
538 Plays
538 Plays
538 Plays
Comments
Comments
Give Quiz Kudos
Give Quiz Kudos
-
- Ratings
hide this ad
Replay
Link that replays current quiz
Next Quiz
Link to next quiz in quiz playlist
You Got
0%
They Got
Avg Score
41%
Avg Friend Score
Upgrade to see
Score Distribution
Jump to the score distribution portion of the page
Score
0/67
Timer
08:00
0
Plays Today
Game
World name
% Correct
Super Mario World
Yoshi's Island
68.9%
Super Mario World
Donut Plains
67.6%
Super Mario World
Star World
66.3%
Super Mario 64
Princess Peach's Castle
65.4%
Super Mario World
Vanilla Dome
62.4%
Super Mario World
Forest of Illusion
60.7%
Super Mario Bros. 3
Grass Land
60.5%
Super Mario Bros. 3
Desert Hill
60.1%
Super Mario Bros. 3
The Sky
58.3%
Super Mario 64
Bob-Omb Battlefield
57.7%
Super Mario World
Chocolate Island
57.4%
Super Mario Bros. 3
Iced Land
54.2%
Super Mario Bros. 3
Pipe Maze
54.2%
Super Mario Bros. 3
Ocean Side
53.4%
Super Mario Sunshine
Delfino Plaza
53.1%
Super Mario Bros. 3
Big Island
52.5%
Super Mario 64
Whomp's Fortress
51.4%
Super Mario 64
Rainbow Ride
51.2%
Super Mario 64
Tall Tall Mountain
51%
Super Mario 64
Tick Tock Clock
50.3%
Super Mario 64
Jolly Roger Bay
49.9%
Super Mario World
Twin Bridges
48.8%
Super Mario 64
Tiny-Huge Island
48.4%
Super Mario World
Valley of Bowser
48.2%
Super Mario 64
Wet-Dry World
47.5%
Super Mario 64
Lethal Lava Land
46.9%
Super Mario World
Special World
46.7%
Super Mario Bros. 3
Castle of Koopa
46.4%
Super Mario 64
Hazy Maze Cave
46%
Super Mario 64
Dire, Dire Docks
45.8%
Super Mario 64
Big Boo's Haunt
45.6%
Super Mario 64
Cool, Cool Mountain
45.4%
Super Mario 64
Shifting Sand Land
45.4%
Super Mario 64
Snowman's Land
45.1%
Game
World name
% Correct
Super Mario Sunshine
Ricco Harbor
42.6%
Super Mario Galaxy
Good Egg Galaxy
42.6%
Super Mario Sunshine
Bianco Hills
40.4%
Super Mario Sunshine
Noki Bay
39.9%
Super Mario Sunshine
Pianta Village
38.9%
Super Mario Sunshine
Gelato Beach
38.2%
Super Mario Sunshine
Corona Mountain
38.2%
Super Mario Sunshine
Pinna Park
37.8%
Super Mario Land 2
Mario Zone
32.6%
Super Mario Galaxy
Honeyhive Galaxy
32.4%
Super Mario Sunshine
Sirena Beach
32%
Super Mario Land 2
Space Zone
31.1%
Super Mario Galaxy
Toy Time Galaxy
30.2%
Super Mario Land 2
Tree Zone
29.6%
Super Mario Galaxy
Comet Observatory
29.2%
Super Mario Galaxy
Space Junk Galaxy
27.7%
Super Mario Galaxy
Gusty Garden Galaxy
27.7%
Super Mario Land 2
Micro Zone
27.4%
Super Mario Galaxy
Battlerock Galaxy
27.4%
Super Mario Land 2
Turtle Zone
26.6%
Super Mario Land 2
Pumpkin Zone
26.4%
Super Mario Galaxy
Beach Bowl Galaxy
25.1%
Super Mario Galaxy
Dreadnought Galaxy
24.6%
Super Mario Galaxy
Freezeflame Galaxy
24.4%
Super Mario Galaxy
Deep Dark Galaxy
22.7%
Super Mario Galaxy
Melty Molten Galaxy
22.2%
Super Mario Galaxy
Gold Leaf Galaxy
21.6%
Super Mario Galaxy
Ghostly Galaxy
21.4%
Super Mario 64
Bowser in the Dark World
21.4%
Super Mario Galaxy
Dusty Dune Galaxy
20.9%
Super Mario 64
Bowser in the Sky
20.5%
Super Mario 64
Bowser in the Fire Sea
20.3%
Super Mario Galaxy
Sea Slide Galaxy
19.7%
Quiz Playlist
Details
Report
Send in Message
Add To Playlist
Classic:
Type in answers that appear in a list
Quiz Source
Last Updated: Feb 16, 2017
Quiz Scoreboard
CHALLENGE
Sign Up to Join the Scoreboard
Show All
Scores
Hide
Comments
May contain spoilers
Recently Published
Two Season TV Shows II
by 123Four
Television
10m
Image Sorting: Flags VI
by Barbecue
Geography
2m
Find the 'City' Movie
by crazypaving
Movies
60s
More to Explore
Quiz From the Vault
Featured Blog Post
14 Easter Pick-up Lines to Find Eggs With
hide this ad
You Might Also Like...
Tags
Mario Quiz
Numbers Quiz
World Quiz
Today's Top Quizzes in Gaming
Browse Gaming
hide this ad
Today's Top Quizzes in Mario
Browse Mario
Top Contributed Quizzes in Gaming
1
League of Legends Pro Players by Career/Team History
2
Destiny 2 exotic weapons by perk icons
3
Genshin Impact Logic Puzzle
4
Genshin murder mystery
5
Dead By Daylight Logic Puzzle
6
4x4 Decades: Video Games
7
Ultimate Genshin Impact Logic Puzzle (up to 4.3)
8
Genshin Impact Logic Puzzle Quiz
9
Overwatch Logic Puzzle
10
Who's on the WWE 2K24 Cover?
Explore More
Trending Topics
NBA
Kpop
Crossword
Harry Potter
Marvel
Anime
Disney
The Office
NFL
Pokémon
Song
WWE
Country
Puzzle
Soccer
hide this ad
More By:
BikdipOnABus
Quiz
Plays
Rating
Category
Featured
Created
Strong Bad Email 1-200
557
4.56
Entertainment
Oct 2, 2009
Super Mario Worlds
538
3.86
Gaming
Sep 26, 2009
Version exclusive Pokémon
414
4.29
Gaming
Jan 24, 2010
Action 52's games
220
4.50
Gaming
May 7, 2010
Homestar Runner Toons
150
5.00
Entertainment
Dec 24, 2009
Go to Creator's Profile
Score Distribution
Quiz Creator Spotlight
BikdipOnABus
Follow
Send a Message
Quizzes Created
-
Created Quiz Play Count
-
More By This Creator
Popular Quizzes Today
1
Find the US States - No Outlines Minefield
2
Colored Red Africa Blitz
3
Find the 'City' Movie
4
5x2 Blitz: Bands
5
The Countries of the World
6
Find the Countries of Europe - No Outlines Minefield
7
Find the US States
8
US States
More Gaming Quizzes
Toys 1950s to 1990s Multiple Choice
Editor's Pick
Trending Quizzes
Colored Red Europe Blitz I
Colored Red Africa Blitz II
Colored Red Europe Blitz II
Colored Red Africa Blitz III
Even More Two Season TV Shows
Recently Updated
March Madness Men's Triple Doubles
pecheneg
How Do You Spell That?
pecheneg
Godzilla Movies
pecheneg
Grab Bag: 4-10 Letters
pecheneg
2024 March Madness Bracket
pecheneg
Famous TV Couples
Peacemaker
Champions League XIs: Real Madrid
pecheneg
Largest US Cities 1790-2010
pecheneg
Rides in Walt Disney World
pecheneg
Most Oscar Losses (Acting)
pecheneg
Trending Topics
Marvel
NBA
Crossword
Anime
Disney
Harry Potter
Kpop
Country
WWE
Pokémon
The Office
NFL
Song
Puzzle
Soccer
Your Account Isn't Verified!
In order to create a playlist on Sporcle, you need to verify the email address you used during registration. Go to your
Sporcle Settings
to finish the process.
Report this User
Report this user for behavior that violates our
Community Guidelines
.
Details:
Send Report
Go to the Sporcle.com Mobile Site →
Comments